000 00309nam a22001217a 4500
008 180606b xxu||||| |||| 00| 0 eng d
041 _aeng
080 _a043.3
100 _a0
101 _aSHKI-MA
245 _aAnaliza e Sherbimeve ne Cloud kunder Infrastruktures Tradicionale
_cBiqkaj, K
942 _2udc
_cBK
999 _c46455
_d46455